• 首页
  • 本馆介绍
  • 公告通知
  • 最新文献
  • 馆藏检索
  • 电子资源
  • 读者导购
  • 参考咨询
  • 我的图书馆
  • 登录
  • 详细信息显示
  • 放入我的书架
  • 预约/预借图书
  • 作者相关作品
  • 分类相关作品
  • 丛书相关作品
  • 出版社相关作品

书目信息

  • 表格格式
  • 工作单格式
  • 卡片格式
题名:
国际单位制(SI)使用知识
    
 
作者: 杨哲 , 李述 编著
分册:  
出版信息: 北京   科学普及出版社  1983.5
页数: 235页
开本: 20cm
丛书名:
单 册:
中图分类: TB91
科图分类:
主题词: 计量单位 , 单位制
电子资源:
ISBN:
000 00582nam0 2200205 45
001 0312221749
005 20060420084638.53
010    @dCNY0.63
100    @a20031222d1983 km y0chiy0120 ea
101    @achi
200 1  @a国际单位制(SI)使用知识@Aguo ji dan wei zhi(SI)shi yong zhi shi@f杨哲,李述编著@FYang Zhe,Li Shu Bian Zhu
210    @a北京@c科学普及出版社@d1983.5
215    @a235页@d20cm
606 0  @a计量单位
606 0  @a单位制
690    @aTB91@v3
701 0  @a杨哲@Ayang zhe@4编著
701 0  @a李述@Ali shu@4编著
801    @aCN@bTSTCL@c20060420
905    @a213230@dTB91@e33
    
    国际单位制(SI)使用知识/杨哲,李述编著.-北京:科学普及出版社,1983.5
    235页;20cm
    
    
    ISBN :CNY0.63
    
●
相关链接 在E读中查询图书 在五车中查询图书 在当当中查询图书 在豆瓣中查询图书


正题名:国际单位制(SI)使用知识     索取号:TB91/33         预约/预借

序号 登录号 条形码 馆藏地/架位号 状态 备注
1 0095965   202283634   密集书库/ [索取号:TB91/33] 在馆    
2 0095966   202283661   密集书库/ [索取号:TB91/33] 在馆    
3 0095967   202283670   密集书库/ [索取号:TB91/33] 在馆    
4 0095968   202283581   密集书库/ [索取号:TB91/33] 在馆    
5 0095969   202283705   密集书库/ [索取号:TB91/33] 在馆    
6 0095970   202209859   密集书库/ [索取号:TB91/33] 在馆    
7 0095971   202209895   密集书库/ [索取号:TB91/33] 在馆    
8 0095972   001360869   密集书库/ [索取号:TB91/33] 在馆    
9 0095973   001362108   第三借阅区/ [索取号:TB91/33] 在馆    
10 0095974   001362064   第二样本阅览室/ [索取号:TB91/33] 在馆    
11 0138228   202283625   密集书库/ [索取号:TB91/33] 在馆    
12 0138229   202283590   密集书库/ [索取号:TB91/33] 在馆    
唐山师范学院图书馆 欢迎您!
大连网信软件有限公司© 版权所有